Fr. Conceicao Rodrigues College of Engineering

Theory of Computer Science (Record no. 31047)

MARC details
000 -LEADER
fixed length control field 00304nam a2200145Ia 4500
082 ## - DEWEY DECIMAL CLASSIFICATION NUMBER
Classification number 4
Item number AKE
100 ## - MAIN ENTRY--PERSONAL NAME
Personal name Arerkar/ Rajendra
245 ## - TITLE STATEMENT
Title Theory of Computer Science
260 ## - PUBLICATION, DISTRIBUTION, ETC.
Name of publisher, distributor, etc. Mahalaxmi
Date of publication, distribution, etc. 2001
300 ## - PHYSICAL DESCRIPTION
Extent 517
546 ## - LANGUAGE NOTE
Language note ENGLISH
654 ## - SUBJECT ADDED ENTRY--FACETED TOPICAL TERMS
Focus term computer science
942 ## - ADDED ENTRY ELEMENTS (KOHA)
Koha item type BOOK
Holdings
Withdrawn status Lost status Damaged status Not for loan Collection Home library Current library Date acquired Total Checkouts Full call number Barcode Date last seen Price effective from Koha item type
        CRC Fr. Agnel's C.Rodrigues College of Engineering Fr. Agnel's C.Rodrigues College of Engineering 17/03/2023   4 AKE 12215 17/03/2023 17/03/2023 BOOK